Tennis - Tennisman espagnols - Mort Subite - Statistiques

Statistiques générales
  • Ce quiz a été pris 261 fois
  • Le résultat moyen est 9 sur 15
Answers on the Grid
Answers color-coded by a green-red scale on the quiz's grid according to % correct below.
Rafael Nadal
Carlos Alcaraz
Lorenzo Musetti
Francisco Cerúndolo
Alejandro Davidovich Fokina
Sebastián Báez
Roberto Bautista Agut
Marcos Giron
Pedro Martínez
Tomás Martín Etcheverry
Jaume Munar
Camilo Ugo Carabelli
Luciano Darderi
Roberto Carballés Baena
Hugo Dellien
Pablo Carreño Busta
Mariano Navone
Carlos Taberner
Daniel Elahi Galán
Martin Landaluce
David Ferrer
Marco Trungelliti
Daniel Rincon
Pol Martín Tiffon
Alejandro Moro Cañas
Albert Ramos Viñolas
Federico Agustin Gomez
Federico Coria
 
Statistiques - réponses
Réponse % Correct
Rafael Nadal
99%
Carlos Alcaraz
98%
Roberto Bautista Agut
75%
Alejandro Davidovich Fokina
74%
David Ferrer
74%
Pablo Carreño Busta
70%
Albert Ramos Viñolas
65%
Jaume Munar
65%
Roberto Carballés Baena
62%
Pedro Martínez
53%
Alejandro Moro Cañas
45%
Carlos Taberner
38%
Martin Landaluce
38%
Daniel Rincon
31%
Pol Martín Tiffon
31%
Aucun quiz correspondant
Distribution des résultats
% des personnes avec chaque résultat
Percentile par nombre de réponses
Votre historique - résultats
Vous n’avez pas pris ce quiz